| 000 | 00376nam a22001457a 4500 | ||
|---|---|---|---|
| 003 | MACL | ||
| 005 | 20190626151300.0 | ||
| 008 | 190626b xxu||||| |||| 00| 0 eng d | ||
| 040 | _cMACL | ||
| 100 |
_aChaudhuty , Shibani _975570 |
||
| 245 | _aGreen Energyand Sustainable Environment | ||
| 260 |
_aBirbhum _bAkshar Pra _c2016 |
||
| 650 |
_aTechnology _975571 |
||
| 942 |
_2ddc _cBK |
||
| 999 |
_c60282 _d60282 |
||